1230 1451 1458 1844 1432 1725 1321 1109 1438 1966 1049 1598 1968 1798 1008 1283 1837 1237 1989 1611 1864 1602 1087 1548 1739 1363 1085 1550 1272 1085 1355 1519 1103 1486 1839 1512 1432 1887 1826 1043 1949 1353 1368 1086 1250 1921 1541 1797 1196 1735 1380 1737 1360 1331 1057 1750 1782 1039 1005 1790 1298 1861 1149 1483 1942 1381 1465 1132 1741 1011 1838 1803 1865 1770 1968 1126 1269 1105 1645 1765 1807 1907 1263 1098 1503 1802 1872 1961 1446 1606 1289 1681 1719 1977 1374 1950 1887 1454 1896 BCNSPRNW ULIB Ver.6.0+V

เปลี่ยนเป็นภาษาไทย

Change to English
 แสดงรายละเอียดบรรณานุกรม
  กลับหน้าหลัก

Brief Record : Get Marc (ISO 2709) : E-mail record : QR code < ปิดหน้าต่าง
LEADER : 00000nam 2200000uu 4500
001    13399124807
003     ULIB
008    160325s2014||||th 000 0 eng d
020    ^a9780470657768
060  4 ^aWY86^bM155f
100 1  ^aMcKenna, Hugh P.
245 10 ^aFundamentals of nursing models, theories and practice /^cHugh P. McKenna, Majda Pajnkihar, Fiona A. Murphy.
246 30 ^aNursing models, theories and practice.
250    ^a2nd ed
260    ^aChichester, West Sussex :^bWiley Blackwell,^cc2014.
300    ^axi, 225 p. ;^c24 cm.
500    ^aRevision of: McKenna, Hugh P., 1954-. Nursing models, theories and practice. Oxford : Blackwell Publishing, 2008.
504    ^aIncludes bibliographical references and index
650  2 ^aModels, Nursing.
650  2 ^aNursing Theory.
650  2 ^aNursing Process.
700 1  ^aPankhihar, Majda,^ejt auth.
700 1  ^aMurphy, Fiona,^ejt auth.
945    ^p38^l0^i000357
999    ^aเกษร โพธิ์สุวรรณ
รายการนี้ยังไม่มีแท็ก
คุณยังไม่ได้ล็อกอิน คุณสามารถมีกิจกรรมร่วมกับเว็บไซต์ได้ แต่ต้องล็อกอินก่อน ::
  ล็อกอิน

รายการสื่อสารสนเทศ

ลำดับที่ ประเภท เลขเรียก/บาร์โค้ด สถานที่ สถานะ
1. Book การพยาบาล
Book การพยาบาล
WY86 M155f ฉ.1 
  Barcode: 000357
ห้องสมุดวิทยาเขตสวรรค์ประชารักษ์
►หนังสือทั่วไป
บนชั้น

รายการใกล้เคียง
    หัวเรื่อง [Nursing Process.]

BibComment


ยังไม่เคยถูกคอมเมนท์

คอมเมนท์ทรัพยากรรายการนี้
  คอมเมนท์: Fundamentals of ..


 Copyright 2026. Bcnsprnw @Library